| 000 | 00576nam a22001697a 4500 | ||
|---|---|---|---|
| 003 | NUST | ||
| 038 | _aNusrat Nadeem | ||
| 082 | _a200 | ||
| 100 |
_aFatima Sabeen _917123 |
||
| 245 |
_aIntegration of 2D Materials in Resistive-RAM and Memtransistive Devices for Data Storage Applications/ _cSabeen Fatima |
||
| 264 |
_aIslamabad; _bSNS NUST; _c2023. |
||
| 300 |
_a108,p; _bill; _c30,cm. |
||
| 650 |
_aPhD- Physics _9123513 |
||
| 700 |
_aSupervisor: Prof. Dr. Syed Rizwan Hussain _9120193 |
||
| 856 | _u http://10.250.8.41:8080/xmlui/handle/123456789/39582 | ||
| 942 |
_2ddc _cSC |
||
| 999 |
_c610701 _d610701 |
||